Normal view
MARC view
- Garza Mercado, Ario,
Entry Nombre Personal
001 - NUMERO DE CONTROL
- campo de control: 33667
003 - IDENTIFICADOR DE NUMERO DE CONTROL
- campo de control: UPN
005 - FECHA Y HORA DE LA ÜLTIMA TRANSACCIÓN
- campo de control: 20211105183933.0
008 - DATOS DE LONGITUD FIJA
- campo de control de longitud fija: nabaccnnaabn|||||||||| b |nc|||||d
035 ## - NUMERO DE CONTROL
- Número de control: UPN11000005774
040 ## - FUENTE DE CATALOGACIÓN
- Lenguaje de catalogación: SPA
- Agencia de transcripción: UPN
- Agencia original de catalogación: UPN
100 1# - ENCABEZAMIENTO - NOMBRE PERSONAL
- Nombre personal: Garza Mercado, Ario,
- Fechas asociadas con el nombre: 1936-
670 ## - FUENTE EN LA QUE SE LOCALIZARON DATOS
- Cita de la fuente: Internet
- Información localizada: http://ariogarzamercado.blogspot.mx/p/biografia.html#!/p/biografia.html
680 ## - NOTA PUBLICA DE ACCESO PÚBLICO
- Frase explicativa de la referencia: Bibliotecólogo, poeta y ensayista, nació el 11 de abril de 1936 en Monterrey, Nuevo León. En 1958 recibió su título de Licenciado en Ciencias Jurídicas de la Facultad de Derecho y Ciencias sociales de la Universidad de Nuevo León, obtuvo el grado de Master in Library Science en 1965, en la Universidad de Texas, y en los años 1972 y 1973 cursó el programa de post-maestría en Ciencias de la Información, Educación Bibliotecológica y Desarrollo Bibliotecario Latinoamericano en la Escuela de posgrado de Ciencias bibliotecarias de la Universidad de Texas en Austin
902 ## - CATALOGADOR
- Catalogador: MCM/060613
